Responses for Show #6205 - Friday, July 29, 2011

Justin Sausville game 2.
Last game of Season 27.

Contestants

[<< previous game]

Lisa McDermott, an arts administrator from Modesto, California

Marty Butterick, a director of operations of USC baseball from Monterey Park, California

Justin Sausville, a urologist from Baltimore, Maryland (whose 1-day cash winnings total $30,000)

[next game >>]

Jeopardy! Round responses

THE CALL OF THE WILD
RAY CHARLES
THE DEPARTMENT OF HOMELAND SECURITY
RONS, DONS & JOHNS
THE OLD TESTAMENT--BEFORE THE DELUGE
ENDS WITH "U"
    $200 14
a bat

Marty
    $200 21
Robinson

Marty
    $200 4
(Marty: What is 2001?)

2002

JustinMarty
    $200 2
Donald Trump

Lisa
    $200 16
Methuselah

Justin
    $200 1
a guru

Marty
    $400 15
a cricket

Marty
    $400 22
"Georgia On My Mind"

Lisa
    $400 5
the Secret Service

Justin
    $400 3
Ron Paul

Marty
    $400 17
a whale

Marty
    $400 8
Malibu

Marty
    $600 23
an orangutan

Justin
    $600 26
In the Heat of the Night

Justin
    $600 6
Immigration and Naturalization Service

Marty
    $600 7
John Glenn

Lisa
    $600 18
a sword

Justin
    $600 9
jujitsu

Lisa
    $800 24
a jackal

Lisa
    $800 27
"Hit The Road, Jack"

Triple Stumper
    $1,000 12
the Coast Guard

Justin
    $800 28
John Locke

Justin
    $800 19
(Marty: What is Egypt?)

Ethiopia

JustinMarty
    $800 10
a frau

Lisa
    $1000 25
the trumpeter swan

Marty
    $1000 30
Genius Loves Company

Triple Stumper
    $1000 13
air marshals

Lisa
    $1000 29
(Lisa: Who is John Ashcroft?)

Donald Rumsfeld

JustinLisa
    $1000 20
Seth

Marty
    $1000 11
in lieu

Justin

Scores at the first commercial break (after clue 15):

Justin Marty Lisa
$2,600 $2,000 $3,200

Scores at the end of the Jeopardy! Round:

Justin Marty Lisa
$7,200 $3,800 $3,400

Double Jeopardy! Round responses

"V" LOVE SCIENCE
(Alex: Each correct response will begin with the letter "V".)
TV OPENING CREDITS
STATE GEMS
BOOK TITLES
POLITICIANS
15 LETTERS OR MORE
(Alex: Don't overthink it.)
    $400 1
a vacuum

Marty
    $400 7
Sex & The City

Marty
    $400 5
(Alex: Contested [*]--who wrote Shakespeare?)

Will

Triple Stumper
    $400 14
John Major

Lisa
    $400 24
an extraterrestrial

Lisa
    $800 2
the volt

Marty
    $4,000 3
flint

Marty
    $800 6
(Alex: Bitter and [*]--makes sense.)

Sweet

Triple Stumper
    $800 18
Cardinal Richelieu

Marty
    $800 9
acknowledgements

Lisa
    $1200 4
viscosity

Lisa
    $1200 19
Quincy

Marty
    $1200 15
Together

Marty
    $1200 17
Boss Tweed

Justin
    $1200 8
(Justin: What is counterespionage?)
(Marty: What is counterinsurgency?)

counterintelligence (counterespionage originally ruled incorrect)

Justin
    $1600 12
the ventricles

Marty
    $1600 20
Battlestar Galactica

Justin
    $1600 16
The Rain

Triple Stumper
    $2,800 22
East Germany

Justin
    $1600 10
(Alex: They also have [*]. Either one.)

vulnerabilities (or susceptibilities)

Triple Stumper
    $2000 13
the viceroy

Justin
    $2000 25
(Alex: And that show is called [*].)

Big Love

Triple Stumper
    $2000 21
Henrietta Lacks

Justin
    $2000 23
Alexander Kerensky

Triple Stumper
    $2000 11
a roentgenologist

Justin

Scores at the end of the Double Jeopardy! Round:

Justin Marty Lisa
$20,000 $14,200 $6,200

[wagering suggestions for these scores]

Final Jeopardy! Round responses

LOS ANGELES LANDMARKS
(Alex: James Dean starred in three motion pictures: East of Eden, Giant, and Rebel Without a Cause. There was an important scene at this landmark.)
...
(Alex: [Revealing Justin's response] Yes, there was that important scene. They were all in the planetarium.)
LisaWhat is the Hollywood sign?
$2,400
MartyWhat is the Hollywood sign?
$0
JustinWhat is the Griffith Observatory?
$8,401
the Griffith Observatory

Final scores:

Justin Marty Lisa
$28,401 $14,200 $3,800
2-day champion: $58,401 2nd place: $2,000 3rd place: $1,000

Game dynamics:

Coryat scores:

Justin Marty Lisa
$18,600 $11,000 $6,200
18 R
(including 2 DDs),
0 W
18 R
(including 1 DD),
2 W
11 R,
1 W

Combined Coryat: $35,800

[game clues] [game scores] [suggest correction]

Game tape date: 2011-03-23
The J! Archive is created by fans, for fans. Scraping, republication, monetization, and malicious use prohibited; this site may use cookies and collect identifying information. See terms. The Jeopardy! game show and all elements thereof, including but not limited to copyright and trademark thereto, are the property of Jeopardy Productions, Inc. and are protected under law. This website is not affiliated with, sponsored by, or operated by Jeopardy Productions, Inc. Join the discussion at JBoard.tv.